European Countries Per Letter Quiz Stats

Quiz Updated Jul 13, 2016

Challenge
Share
Tweet
Embed
Score 0/19 Timer 02:00
10 Plays Today
Letter Country % Correct
FFrance...
98.4%
GGermany...
96.4%
AAustria...
96.2%
IItaly...
96%
DDenmark
95.9%
SSpain...
95.8%
BBelgium...
95.7%
PPortugal...
92.7%
LLatvia...
92.1%
RRussia...
89.9%
Letter Country % Correct
MMacedonia...
89.5%
CCzechia...
88.7%
NNorway...
87.9%
EEstonia
86.6%
UUnited Kingdom...
84.2%
HHungary
83.5%
VVatican City
78.3%
TTurkey
73.7%
KKosovo
68.9%

You're not logged in!

Compare scores with friends on all Sporcle quizzes.
Join for Free
OR
Log In

Show Comments

Extras

Top Quizzes Today


Score Distribution

Your Account Isn't Verified!

In order to create a playlist on Sporcle, you need to verify the email address you used during registration. Go to your Sporcle Settings to finish the process.

Report this User

Report this user for behavior that violates our Community Guidelines.

Details: